01054nam a22002898a 450000500170000000800410001702000180005804000380007608200280011410000190014224500860016126000460024730000350029350000240032850400320035259000380038465000450042265000220046765000240048965100100051365300240052370000200054770000210056794200080058899900170059695201510061320161117135911.0161110t2011 enka frb 001 0 eng d a9780199588510 aEG-ScBUEbengcEG-ScBUEdEG-ScBUE04a330.0243430721bNIE2221 aNiels, Gunnar.10aEconomics for competition lawyers /cGunnar Niels, Helen Jenkins, James Kavanagh. aOxford :bOxford University Press,c2011. axxiv, 609 p. :bill. ;c25 cm. aIndex : p. 597-609. aBibliography : p. 587-596.  aSuzan Ashmawy ; revised by Fouad. 7aAntitrust law.xEconomic aspects.2BUEsh 7aEconomics.2BUEsh 7aCompetition.2BUEsh 2BUEsh bBUSECOcOctober20161 aJenkins, Helen.1 aKavanagh, James. 2ddc c23080d23052 00102ddc40708BaccahaMAINbMAINc1STd2016-11-10ePurchaseg2010.00h25140l0o330.0243430721 NIEp000045104r2025-07-15 00:00:00v2515.50yBB